10 największych miast Norwegii - Statystyki

Ogólne statystyki
  • Ten quiz został rozwiązany 139 razy
  • Średni wynik to 5 z 10
Statystyki odpowiedzi
# Populacja Miasto % Poprawnych
1. 709 037 Oslo
100%
2. 289 330 Bergen
81%
3. 212 660 Trondheim
81%
4. 146 011 Stavanger
56%
8. 64 782 Tromsø
46%
6. 93 205 Kristiansand
35%
5. 103 291 Drammen
26%
10. 45 033 Ålesund
21%
7. 84 444 Fredrikstad
16%
9. 55 924 Skien
9%
Nie znaleziono quizów pasujących do podanych kryteriów
Rozkład punktacji
Procent ludzi z każdym wynikiem
Percentyl według liczby udzielonych odpowiedzi
Twoja historia wyników
Nie rozwiązałeś tego quizu